000 00568nam a22002177a 4500
003 UA-OsUOA
001 69356
007 ta
008 20100617b un ||||| |||| 00| 0 ukr d
100 _aНеборякина В.
090 _a32
_bН39
942 _cSA
040 _aUA-OsUOA
_brus
_cUA-OsUOA
_dUA-OsUOA
245 _aЛоготипы партий и ценности установки политических движений
300 _aС.29-35
955 _a0
041 _arus
080 _a32
773 0 _w69354
650 7 _a32 Політика
_2UDC
999 _c355620
_d355620